000 00571nam a2200205Ii 4500
003 JO-AjNU
008 230606s9999||||xx |||||||||||||| ||und||
020 _a978-81-89005-67-2
040 _aJO-AjNU
_beng
_erda
_cJO-AjNU
041 _aeng
050 1 4 _aBF173.2010
100 3 _aYadav R.S,
_eauthor
_91302
245 0 0 _aGeneral Psychology
264 3 1 _aNew Delhi: Saurabh Publishing House ,2010
300 _a274p
336 _atext
_btxt
_2rdacontent
337 _aunmediated
_bn
_2rdamedia
338 _avolume
_bnc
_2rdacarrier
650 4 _aGeneral Psychology
_91303
999 _aE685
_c685
_d685